01854nam a2200397 i 4500003000900000005001700009007000300026008004100029040003000070082001900100100003500119245022400154264007000378300002600448336002700474337003400501338002800535590002700563700004400590700003500634700004900669700004500718700004500763700005200808700004900860700004500909700004600954700005101000700003901051710009701090910001401187942001401201952010901215952011501324999001701439DO-SdBNP20250116073945.0ta100308s1987 dr 001 0 spa d aDO-SdBNPbspacBNPHUerda axxxxbC9762221 aMartinez L., Ana Teresa98391110aCurrículo /cMaría Teresa Martínez L., Amantina Mateo Valdez, Carina T. Lavandier T., Cleyvis Indiana Barinas N. José Germán Bautista y otros ; coordinador Ligia Teresa Pimentel R. ; colaborador Emilio Vargas. 1aSanto Domingo :bDirección General de Medios Educativos,c1985. a120 Páginasc25 cm. 2rdacontentatextobtxt 2rdamediaasin mediación bn 2rdacarrieravolumenbnc aInventariado, 2023/ YL1 aMateo Valdez, Amantina936931eautora. 1 aLavandier T., Carina T.9839121 aBarinas N., Cleyvis Indianaeautora. 9839131 aGermán Bautista, Joséeautor.9839141 aCamilo A., Josefa Elenaeautora. 9839151 aOrtiz de la R., Luisa Herminiaeautora. 9839161 aQuéliz C., Mercedes Rhinaeautora. 9839171 aPeralta P., Norca Ligiaeautora. 9839181 aDuarte M., Rachel Euniceeautora. 9839191 aPimentel R., Ligia Teresa936932ecoordinadora1 aVargas, Emilio936933ecolaborador1 aRepública Dominicana.bSecretaría de Estado de Educación, Bellas Artes y Cultos923965 aYLockward 2ddccLBS1 00102ddc51708PDaBNPHUbBNPHUcCTd2023-08-08l0oxxxx C976p2023-5255r2023-08-08w2023-08-08yLBS1 00102ddc51708PDaBNPHUbBNPHUcCTd2023-08-08l0oxxxx C976p2023-5256r2023-08-08te. 2w2023-08-08yLBS1 c54353d54353